000 01120cam a2200301 a 4500
001 24967
003 BD-RjUL
005 20211209050818.0
008 140315s1938 ctuaf b 001 0 eng
020 _a0313240787 (lib. bdg.)
035 _a(BD-RjUL)25036
040 _aDLC
_cDLC
_dDLC
_dBD-RjUL
_beng
041 _aeng
082 0 0 _a940.27
_219
_bBRE
100 1 _aBruun, Geoffrey,
_d1898-1988.
_976478
245 1 0 _aEurope and the French imperium, 1799-1814 /
_cby Geoffrey Bruun.
260 _aWestport, Conn. :
_bGreenwood Press,
_cc1938.
300 _axiv, 280 p., [31] p. of plates :
_bill. ;
_c23 cm.
500 _aReprint. Originally published: 1st ed. New York : Harper, 1938. (The Rise of modern Europe)
504 _aIncludes Bibliography: p. 251-272 and index.
600 0 0 _aNapoleon
_cEmperor of the French,
_d1769-1821
_xRelations with Europeans.
_976802
651 0 _aEurope
_xHistory
_y1789-1815.
_976800
651 0 _aFrance
_xHistory
_yConsulate and First Empire, 1799-1815.
_976482
830 0 _aRise of modern Europe.
_976803
942 _2ddc
_cBK
999 _c24967
_d24967